000 00521nam a2200157 a 4500
001 000027707
005 20240229073936.0
008 110404s1960 dr 000 0 spa d
040 _aDO-SdBNP
_bspa
_cBNPHU
082 _axxx
_bT866t
100 1 _aTrujillo Molina, Rafael Leónidas,
_d 1891-1961
_976764
245 1 0 _aThe basic policies of a regime /
_cRafael Leónidas Trujillo Molina.
260 _aCiudad Trujillo, República Dominicana :
_bEditora del Caribe,
_c1960.
300 _a210, [1] p. ;
_c22 cm.
049 _aBNPD
999 _c27199
_d27199